Normal view MARC view
  • Marks, James G.,

Entry Personal Name

Number of records used in: 1

001 - CONTROL NUMBER

  • control field: 1055

003 - CONTROL NUMBER IDENTIFIER

  • control field: DLC

005 - DATE AND TIME OF LATEST TRANSACTION

  • control field: 20231116074233.0

008 - FIXED-LENGTH DATA ELEMENTS

  • fixed length control field: 850124n| azannaabn |a aaa

010 ## - LIBRARY OF CONGRESS CONTROL NUMBER

  • LC control number: n 84205151

035 ## - SYSTEM CONTROL NUMBER

  • System control number: (OCoLC)oca01261318

040 ## - CATALOGING SOURCE

  • Original cataloging agency: DNLM
  • Language of cataloging: eng
  • Transcribing agency: DLC
  • Description conventions: rda
  • Modifying agency: DNLM

100 1# - HEADING--PERSONAL NAME

  • Personal name: Marks, James G.,
  • Titles and other words associated with a name: Jr.

370 ## - ASSOCIATED PLACE

  • Other associated place: Hershey, Pa.

372 ## - FIELD OF ACTIVITY

  • Field of activity: Dermatology
  • Source of term: mesh

373 ## - ASSOCIATED GROUP

  • Associated group: Pennsylvania State University. College of Medicine
  • Associated group: Milton S. Hershey Medical Center
  • Source of term: naf

400 1# - SEE FROM TRACING--PERSONAL NAME

  • Control subfield: nnea
  • Personal name: Marks, James G.

670 ## - SOURCE DATA FOUND

  • Source citation: Lookingbill, D.P. Principles of dermatology, 1985:
  • Information found: CIP t.p. (James G. Marks, Jr., M.D., assis. prof. of med., Div. of Dermatology, Penna. State Univ., Coll. of Med., Hershey, Pa.)

670 ## - SOURCE DATA FOUND

  • Source citation: Lookingbill and Marks' principles of dermatology, 2013:
  • Information found: t.p. (James G. Marks, Jr., MD, Professor of Dermatology, Chair, Department of Dermatology, Pennsylvania State University College of Medicine, Penn State Hershey Medical Center, Hershey, PA, USA)